Applied medical statistics using SAS (Record no. 19028)

MARC details
000 -LEADER
fixed length control field 00685nam a2200241 a 4500
001 - CONTROL NUMBER
control field 156635
003 - CONTROL NUMBER IDENTIFIER
control field OSt
005 - DATE AND TIME OF LATEST TRANSACTION
control field 20211007142445.0
008 - FIXED-LENGTH DATA ELEMENTS--GENERAL INFORMATION
fixed length control field 190205 ### HIN
020 ## - INTERNATIONAL STANDARD BOOK NUMBER
International Standard Book Number 9781439867976
082 ## - DEWEY DECIMAL CLASSIFICATION NUMBER
Classification number 610.285
Item number D44A
100 ## - MAIN ENTRY--PERSONAL NAME
Personal name Der, Geoff
245 ## - TITLE STATEMENT
Title Applied medical statistics using SAS
Statement of responsibility, etc by Geoff Der and Brian S. Everitt
260 ## - PUBLICATION, DISTRIBUTION, ETC. (IMPRINT)
Place of publication, distribution, etc Boca Raton
Name of publisher, distributor, etc CRC Press
Date of publication, distribution, etc 2013
300 ## - PHYSICAL DESCRIPTION
Extent xv, 541p.
653 ## - INDEX TERM--UNCONTROLLED
Uncontrolled term Medicine--Data processing
653 ## - INDEX TERM--UNCONTROLLED
Uncontrolled term SAS (Computer program language)
653 ## - INDEX TERM--UNCONTROLLED
Uncontrolled term SAS (Computer file)
653 ## - INDEX TERM--UNCONTROLLED
Uncontrolled term Medical records--Data processing
653 ## - INDEX TERM--UNCONTROLLED
Uncontrolled term Medical statistics
700 ## - ADDED ENTRY--PERSONAL NAME
Personal name Everitt, Brian S.
942 ## - ADDED ENTRY ELEMENTS (KOHA)
Source of classification or shelving scheme Dewey Decimal Classification
Koha item type Books
Holdings
Withdrawn status Lost status Source of classification or shelving scheme Damaged status Not for loan Collection code Home library Current library Date acquired Source of acquisition Full call number Barcode Checked out Date last seen Price effective from Koha item type
    Dewey Decimal Classification     General Text Book Central University Of Rajasthan Central University Of Rajasthan 05/02/2019 STT 610.285 D44A 31643 01/04/2020 02/09/2020 02/09/2020 Books